| 000 | 00436cam a2200169ua 4500 | ||
|---|---|---|---|
| 003 | OSt | ||
| 008 | 250315b |||||||| |||| 00| 0 eng d | ||
| 020 | _a9780070992108 | ||
| 082 |
_a621.901 _bAND/SH |
||
| 100 |
_aAnderson, James . _97301 |
||
| 245 | _aShop theory / | ||
| 250 | _a6 / | ||
| 260 |
_aNew Delhi : _bTata Mc-Graw Hill Publishing Company , _c1985. |
||
| 300 | _a568 ; . | ||
| 700 | 1 |
_aTatro, Earl E . _97302 |
|
| 942 | _cBK | ||
| 999 |
_c8904 _d8904 |
||